Life, the science of biology / (Record no. 843)

MARC details
000 -LEADER
fixed length control field 00905cam a22002894a 4500
005 - DATE AND TIME OF LATEST TRANSACTION
control field 20260322212036.0
008 - FIXED-LENGTH DATA ELEMENTS--GENERAL INFORMATION
fixed length control field data
010 ## - LIBRARY OF CONGRESS CONTROL NUMBER
LC control number 00048235
020 ## - INTERNATIONAL STANDARD BOOK NUMBER
International Standard Book Number 0716738759 (hardcover with CD bound in)
020 ## - INTERNATIONAL STANDARD BOOK NUMBER
International Standard Book Number 0716738740 (CD disk)
020 ## - INTERNATIONAL STANDARD BOOK NUMBER
International Standard Book Number 9780716738749 (CD disk)
020 ## - INTERNATIONAL STANDARD BOOK NUMBER
International Standard Book Number 9780716738756 (hardcover with CD bound in)
040 ## - CATALOGING SOURCE
Original cataloging agency DLC
Transcribing agency DLC
Modifying agency DLC
042 ## - AUTHENTICATION CODE
Authentication code pcc
050 00 - LIBRARY OF CONGRESS CALL NUMBER
Classification number QH308.2
Item number .L565 2001
082 00 - DEWEY DECIMAL CLASSIFICATION NUMBER
Classification number 570
Edition information 21
092 ## - LOCALLY ASSIGNED DEWEY CALL NUMBER (OCLC)
Classification number 570.21 L565 2001
001 - CONTROL NUMBER
control field data
245 10 - TITLE STATEMENT
Title Life, the science of biology /
Statement of responsibility, etc. William K. Purves.
250 ## - EDITION STATEMENT
Edition statement 6th ed.
260 ## - PUBLICATION, DISTRIBUTION, ETC.
Place of publication, distribution, etc. Sunderland, MA :
Name of publisher, distributor, etc. Sinauer Associates,
Date of publication, distribution, etc. c2001.
300 ## - PHYSICAL DESCRIPTION
Extent 2 v. ;
Other physical details ill. (some col.), col. maps ;
Dimensions 29 cm.
500 ## - GENERAL NOTE
General note Includes index.
520 2# - SUMMARY, ETC.
Summary, etc. vol. 1 -- The cell and heredity; vol. 2 -- Evolution, diversity and ecology
650 #0 - SUBJECT ADDED ENTRY--TOPICAL TERM
Topical term or geographic name entry element Biology.
700 1# - ADDED ENTRY--PERSONAL NAME
Personal name Purves, William K.
Dates associated with a name 1934-
Fuller form of name (William Kirkwood),
Holdings
Withdrawn status Lost status Damaged status Not for loan Home library Current library Shelving location Date acquired Total checkouts Full call number Barcode Date last seen Price effective from Koha item type
        Franklin Franklin General stacks 22/03/2026   570 21 BC0010868 22/03/2026 22/03/2026 Books